Loading...

Anthropology of primitive tribes in India /

Bibliographic Details
Main Author: Sharma, Dash P.
Other Authors: Dash sharma P Ed
Format: Printed Book
Published: New Delhi : Serials Publications , 2006.
Subjects:
LEADER 00515cam a2200157ua 4500
999 |c 31958  |d 31958 
020 |a 8183870074 
082 1 4 |a 307.7720954  |b ANT 
100 1 |a Sharma, Dash P. 
245 0 0 |a Anthropology of primitive tribes in India /  
260 |a New Delhi :   |b Serials Publications ,   |c 2006. 
300 |a 470p.;  
650 0 |a Primitive tribes 
700 |a Dash sharma P Ed. 
942 |c BK 
952 |0 0  |1 0  |4 0  |6 307_772095400000000_ANT  |7 0  |9 40992  |a KU  |b KU  |d 2015-07-05  |l 4  |o 307.7720954 ANT  |p AN02261  |r 2019-05-03  |s 2019-04-06  |y BK